| 000 | 00650nam a2200193 a 4500 | ||
|---|---|---|---|
| 001 | 000020702 | ||
| 005 | 20200930011140.0 | ||
| 008 | 100812s1990 sp 000 0 spa d | ||
| 020 | _a8485823567 | ||
| 040 |
_aDO-SdBNP _bspa _cBPJMB |
||
| 082 |
_a428 _bP247e |
||
| 100 | 1 |
_aParkinson de Saz, Sara M., _943445 |
|
| 245 | 1 | 0 |
_aEjercicios prácticos de gramática inglesa básica 3 / _cSara M. Parkinson de Saz. |
| 260 |
_aMadrid, (España) : _bEditorial Empeño 14, _c1990. |
||
| 300 |
_a80 p. ; _c25 cm. |
||
| 650 | 4 |
_aIngles _xGramática _93822 |
|
| 650 | 4 |
_aIngles _xGramática _xEnseñanza _943446 |
|
| 650 | 4 |
_aIngles gramática _xLibros de texto _943447 |
|
| 999 |
_c20206 _d20206 |
||